000 00726nam a2200265Ia 4500
005 20260302115007.0
008 008 260114s9999 xx 000 0 eng d
020 _a9781611488890
037 _aTextbook
040 _aCRL
040 _beng
040 _cCRL
041 _2eng
041 _aeng
084 _qCRL
100 _aFiona Brideoake
_91120387
245 4 _aThe Ladies of Llangollen Desire, Indeterminacy, and the Legacies of Criticism
260 _bBloomsbury
260 _bBucknell University Press
260 _c2017
650 _aLiterary Studies
856 _uhttps://doi.org/10.5040/9781611488890?locatt=label:secondary_bloomsburyCollections
942 _cEBOOK
999 _c1684566
_d1684566